00373nam a22001337a 450000500170000002000230001703500130004003700130005324500580006625000350012426000410015930000190020070000200021920120518163429.0 a8188836702c650.00 aB-219602 aDPLbENG aResponsible tourism /cComp. and ed. by Romila Chawla aTourism and development series aNew DelhibSonali Publicationsc2005 a253p.c20 cms. aChawla, Romila